| 000 | 01372cam a22002054a 4500 | ||
|---|---|---|---|
| 005 | 20250605164220.0 | ||
| 008 | 250528s ||||||||||||||||||||||||d | ||
| 035 | _a20648 | ||
| 020 | _a443064407 | ||
| 040 |
_aGR-AtMCL _bgre _dGR-AtMCL _eAACR2 |
||
| 245 | 1 | _aNeurological Physiotherapy / Second Edition | |
| 250 | _a2nd | ||
| 260 |
_bChurchill Livingstone, _c2002 |
||
| 300 | _a296 | ||
| 520 | _aThis book aims to provide an improved understanding of problems commonly encountered by the therapist working with people with neurological disability. Preface, Introduction, Problem Solving in Neurological Physiotherapy - Setting the Scene, Assessment and Outcome Measurement and Goal Setting in Physiotherapy Practice, An Analysis of Normal Movement as the Basis for the Development of Treatment Techniques, Neuropsychological Problems and Solutions, Abnormal Tone and Movement as a Result of Neurological Impairment: Considerations for Treatment, General Principles of Treatment, Drug Treatment of Neurological Disability, Case Histories, Posture Management and Special Seating, Splinting and the Use of Orthoses in the Management of Patients with Neurological Disorders, Longer-Term Management for Patients with Residual or Progressive Disability, The Way Forward, Index. | ||
| 700 | 1 |
_aEdwards Susan _96610 |
|
| 942 | _cBK | ||
| 999 |
_c5737 _d5737 |
||